Normal view
MARC view
- International Conference on Sustainable Development and Planning
Entry Meeting Name
001 - CONTROL NUMBER
- control field: 23429
003 - CONTROL NUMBER IDENTIFIER
- control field: NUST
005 - DATE AND TIME OF LATEST TRANSACTION
- control field: 20191009130956.0
008 - FIXED-LENGTH DATA ELEMENTS
- fixed length control field: 191009|| aca||aabn | a|a d
040 ## - CATALOGING SOURCE
- Original cataloging agency: NUST
- Transcribing agency: NUST
111 ## - HEADING--MEETING NAME
- Meeting name or jurisdiction name as entry element: International Conference on Sustainable Development and Planning
- Number of part/section/meeting: (5th)
670 ## - SOURCE DATA FOUND
- Source citation: Work cat.: (NUST)0: International Conference on Sustainable Development and Planning (5th), Sustainable development and planning V /
